Benselers Griechisch - deutsches Wörterbuch mit einen alphabetischen Verzeichnis zur Bestimmung ...

Gespeichert in:
Bibliographische Detailangaben
Format: Buch
Sprache:Deutsch
Veröffentlicht: Leipzig Enzyklopädie 1981
Ausgabe:17. Aufl.
Tags: Tag hinzufügen
Keine Tags, Fügen Sie das erste Tag hinzu!

MARC

LEADER 00000nam a2200000 4500
001 c131734
005 20260129132136.8
041 0 |a ger 
044 |a DE 
245 1 0 |a Benselers Griechisch - deutsches Wörterbuch  |b mit einen alphabetischen Verzeichnis zur Bestimmung ...  |c Adolf Kaegi 
250 |a 17. Aufl. 
264 1 |a Leipzig  |b Enzyklopädie  |c 1981 
300 |a 880 s.